Welding : (Record no. 69690)

000 -LEADER
fixed length control field 01007cam a2200289 a 4500
001 - CONTROL NUMBER
control field 1507912
003 - CONTROL NUMBER IDENTIFIER
control field NUST - PNEC
005 - DATE AND TIME OF LATEST TRANSACTION
control field 20170116181124.0
008 - FIXED-LENGTH DATA ELEMENTS--GENERAL INFORMATION
fixed length control field 890517s1990 ne a b 001 0 eng
010 ## - LIBRARY OF CONGRESS CONTROL NUMBER
LC control number 89012074
020 ## - INTERNATIONAL STANDARD BOOK NUMBER
International Standard Book Number 0444874275
040 ## - CATALOGING SOURCE
Original cataloging agency DLC
Transcribing agency LIBRARY
Modifying agency DLC
050 00 - LIBRARY OF CONGRESS CALL NUMBER
Classification number TS227
Item number .W4154 1990
082 00 - DEWEY DECIMAL CLASSIFICATION NUMBER
Classification number 671.52 OLS
Edition number 20
100 ## - MAIN ENTRY--PERSONAL NAME
9 (RLIN) 13626
Personal name Olson, David L.
245 00 - TITLE STATEMENT
Title Welding :
Remainder of title theory and practice /
Statement of responsibility, etc. edited by David L. Olson, Ray Dixon, Alan L. Liby.
260 ## - PUBLICATION, DISTRIBUTION, ETC.
Place of publication, distribution, etc. Amsterdam ;
-- New York :
Name of publisher, distributor, etc. North-Holland ;
Place of publication, distribution, etc. New York, NY, USA :
Name of publisher, distributor, etc. Sole distributors for the USA and Canada, Elsevier Science Pub. Co.,
Date of publication, distribution, etc. c.1990
300 ## - PHYSICAL DESCRIPTION
Extent xii, 389 p. :
Other physical details ill. ;
Dimensions 23 cm.
440 #0 - SERIES STATEMENT/ADDED ENTRY--TITLE
Title Materials processing, theory and practices ;
Volume/sequential designation v. 8
504 ## - BIBLIOGRAPHY, ETC. NOTE
Bibliography, etc. note Includes bibliographies and indexes.
650 #0 - SUBJECT ADDED ENTRY--TOPICAL TERM
Topical term or geographic name entry element Welding.
700 1# - ADDED ENTRY--PERSONAL NAME
Personal name Olson, D. L.
Fuller form of name (David LeRoy)
700 1# - ADDED ENTRY--PERSONAL NAME
Personal name Dixon, Ray.
700 1# - ADDED ENTRY--PERSONAL NAME
Personal name Liby, Alan L.
906 ## - LOCAL DATA ELEMENT F, LDF (RLIN)
a 7
b cbc
c orignew
d 1
e ocip
f 19
g y-gencatlg
942 ## - ADDED ENTRY ELEMENTS (KOHA)
Source of classification or shelving scheme
Koha item type Book
Holdings
Withdrawn status Lost status Source of classification or shelving scheme Damaged status Not for loan Permanent Location Current Location Shelving location Date acquired Total Checkouts Full call number Barcode Date last seen Price effective from Koha item type
          Pakistan Navy Engineering College (PNEC) Pakistan Navy Engineering College (PNEC)       671.52 OLS PNECLIB-016922 10/05/2015   Book
© 2023 Central Library, National University of Sciences and Technology. All Rights Reserved.